Statistics for Country Name = Capital Name

Click here to take the quiz!

General Stats

  • This quiz has been taken 31,062 times
    (31,001 since last reset)
  • The average score is 7 of 11

Answer Stats

Country % Correct
Mexico
80%
Vatican City
77%
Luxembourg
72%
Monaco
70%
San Marino
67%
Andorra
65%
Panama
62%
Singapore
58%
Guatemala
56%
Kuwait
49%
Djibouti
43%

Score Distribution

Percentile by Number Answered

Percent of People with Each Score

Your Score History

You have not taken this quiz since the last reset